| 000 | 01636nam a22003017a 4500 | ||
|---|---|---|---|
| 003 | OSt | ||
| 005 | 20240227073914.0 | ||
| 007 | ta | ||
| 008 | 210216b2020 dr ac||gr|||| 001 1dspa d | ||
| 020 | _a9789945613575 | ||
| 040 |
_aDO-SdBNP _bspa _cBNPHU |
||
| 041 | _hspa | ||
| 082 | 4 |
_aRD863.42 _bH519i _222 |
|
| 100 | 1 |
_aHenríquez Ureña, Max, _d1885-1968 _92621 |
|
| 245 | 1 | 3 |
_aLa independencia efímera / _cMax Henríquez Ureña. |
| 260 |
_aSanto Domingo : _bArchivo General de la Nación, _c2020. |
||
| 300 |
_a202 p. ; _c22 cm. |
||
| 490 |
_aJuvenil ; _v20 |
||
| 500 | _aIncluye datos biográficos del autor en la solapa de la contracubierta | ||
| 505 | 0 |
_aIntroducción. Roberto Cassá -- _tA la juventud dominicana. Max Henríquez Ureña -- _tI. En casa de juez de letras -- _tII. En familia -- _tIII. Español de América -- _tIV. ¡Esperar! -- _tV. La tertulia -- _tVI. La jura de la constitución en 1820 -- _tVII. Don Tomás Ramírez -- _tVIII. Alarma fronteriza -- _tIX. El baile de doña Jacinta -- _tX. Acero contra acero -- _tXI. El nuevo gobernador -- _tXII. ¡Carabobo! -- _tXIII. El día de San Andrés en 1821 -- _tXIV. La bandera de las cinco estrella -- _tXV. La independencia -- _tXVI. El nuevo día-- _tXVII. La voz de la plaza de armas -- _tXVIII. La catástrofe inminente -- _tXIX. Hora suprema -- _tXX. ¡La patria no puede morir! -- _tApéndices. |
|
| 590 | _aInventariado /MF | ||
| 650 | 4 |
_aNovela historica dominicana _9860 |
|
| 650 | 4 |
_aLiteratura dominicana _979326 |
|
| 651 |
_aRepública Dominicana _xHistoria _977783 |
||
| 830 | 0 |
_aJuvenil _977784 |
|
| 910 | _aValidado. Control de calidad MFF | ||
| 942 |
_2ddc _cLBS1 |
||
| 999 |
_c49379 _d49379 |
||